000 00891nam a22002417a 4500
005 20160406155038.0
010 _a1516ENO7 ENG-114597
020 _a9789350717226
_c595.00
035 _aEN-98129
035 _aB-607155-185
037 _adpl
_bVariety/Ven
037 _bDBAD/PUB
082 _a346.54066
100 _aKapoor, G.K.
245 _aTaxmann's company law :
_cby G.K.Kapoor [and] Sanjay Dhamija
_ba comprehensive text book on companies act 2013 /
250 _a18th ed
260 _aNew Delhi
_bTaxmann Publications
_c2015
270 _a59/32, New Rohtak Road
_bNew Delhi
_e110005
_k+91-11-45562222
300 _aI-54,645p.
_c24cm(pbk)
700 _aDhamija, Sanjay
942 _2ddc
_cEN
_mKAP
_h346.54066
999 _c95875
_d95875